Apuntes de educación ciudadana preemilitar y postmilitar : muy útil para todos los mozos que asisten a las escuelas de educación preemilitar / Capitán Elías Gallegos muy útil para todos los mozos que asisten a las escuelas de educación preemilitar / Capitán Elías Gallegos
Descripción Física:
239, [36] p. ; 18 cm
Materias:
Educació militar
MARC
| LEADER | 00000nam a2200000Ia 4500 | ||
|---|---|---|---|
| 001 | 23223 | ||
| 008 | 160829s1929 xx 000 0 cat d | ||
| 080 | |a E-1-399 | ||
| 100 | |a Gallegos, Elías |9 48020 | ||
| 245 | |a Apuntes de educación ciudadana preemilitar y postmilitar : |b muy útil para todos los mozos que asisten a las escuelas de educación preemilitar / Capitán Elías Gallegos | ||
| 260 | |a Astorga : |b Imp. y Lit. N. Fidalgo, |c 1929 | ||
| 300 | |a 239, [36] p. ; |c 18 cm | ||
| 590 | |a Prové de 4192, exp. 162 | ||
| 650 | |a Educació militar |9 48021 | ||
| 901 | |a Arxiu | ||
| 942 | |n 1 | ||
| 952 | |0 0 |1 0 |4 0 |6 E1399 |7 1 |9 54277 |a Arxiu |b Arxiu |d 2016-12-01 |l 0 |o E-1-399 |p 23223 |r 2016-12-01 00:00:00 |w 2016-12-01 |y ARXIU | ||
| 999 | |c 58146 |d 58146 | ||